[Event "Poti Aleksandria Cup 5th"]
[Site "Poti"]
[Date "2010.07.17"]
[Round "7"]
[White "Lomineishvili, Maia"]
[Black "Shengelia, Nikoloz"]
[Result "0-1"]
[WhiteElo "2370"]
[BlackElo "1929"]
[PlyCount "102"]
[EventDate "2010.07.11"]
[EventType "swiss"]
[EventRounds "9"]
[EventCountry "GEO"]
[SourceTitle "CBM 137 Extra"]
[Source "ChessBase"]
[SourceDate "2010.09.01"]
[SourceVersion "1"]
[SourceVersionDate "2010.09.01"]
[SourceQuality "1"]

1. d4 d5 2. Nf3 Nf6 3. e3 e6 4. Bd3 Bd6 5. Ne5 c5 6. b3 Nc6 7. Bb2 Qb6 8. 0-0 cxd4 9. exd4 0-0 10. a3 Kh8 11. Nxc6 bxc6 12. Nd2 Ba6 13. Bxa6 Qxa6 14. Nf3 Qb7 15. Ne5 Qc7 16. Qd3 c5 17. Rae1 Ne4 18. f3 cxd4 19. fxe4 Bxe5 20. exd5 Bxh2+ 21. Kh1 Be5 22. Qe4 f6 23. dxe6 Rfe8 24. Bxd4 Bxd4 25. Qxd4 Qxc2 26. Re3 Re7 27. Rfe1 Rae8 28. b4 Qf5 29. Qd6 h6 30. a4 Qh5+ 31. Kg1 f5 32. b5 Qg6 33. a5 f4 34. Qxf4 Rxe6 35. Rxe6 Rxe6 36. Rc1 Re2 37. Qf3 Rb2 38. b6 axb6 39. a6 Ra2 40. Qa8+ Kh7 41. a7 Qd3 42. Kh1 Ra4 43. g3 Qxg3 44. Qh8+ Kxh8 45. a8Q+ Rxa8 46. Rc8+ Kh7 47. Rh8+ Kg6 48. Rxh6+ Kf5 49. Rf6+ Kg4 50. Rg6+ Kf3 51. Rf6+ Qf4 0-1

[Event "Poti Aleksandria Cup 5th"]
[Site "Poti"]
[Date "2010.07.13"]
[Round "3"]
[White "Khmiadashvili, Tamari"]
[Black "Shengelia, Nikoloz"]
[Result "1-0"]
[WhiteElo "2171"]
[BlackElo "1929"]
[PlyCount "83"]
[EventDate "2010.07.11"]
[EventType "swiss"]
[EventRounds "9"]
[EventCountry "GEO"]
[SourceTitle "CBM 137 Extra"]
[Source "ChessBase"]
[SourceDate "2010.09.01"]
[SourceVersion "1"]
[SourceVersionDate "2010.09.01"]
[SourceQuality "1"]

1. c4 e5 2. Nc3 Nf6 3. g3 g6 4. Bg2 Bg7 5. d3 0-0 6. Nf3 d6 7. 0-0 Nc6 8. e4 h6 9. h3 Kh7 10. Be3 Be6 11. Nd5 Nd7 12. b4 Ne7 13. Nxe7 Qxe7 14. Qc2 f5 15. exf5 gxf5 16. d4 Nb6 17. d5 Bd7 18. a4 a5 19. b5 Kg8 20. Rad1 Be8 21. c5 Nc8 22. Rfe1 Bh5 23. Rc1 Qf6 24. b6 cxb6 25. cxd6 Nxd6 26. Bxb6 Bxf3 27. Bxf3 e4 28. Bg2 Rfc8 29. Qb3 h5 30. Rxc8+ Rxc8 31. Bxa5 h4 32. Bd2 hxg3 33. Qxg3 Kh7 34. Bg5 Qf8 35. Qh4+ Bh6 36. Be7 Qg7 37. Bxd6 Rg8 38. Qe7 Qxe7 39. Bxe7 f4 40. Kf1 f3 41. Bh1 Re8 42. d6 1-0

[Event "Poti Aleksandria Cup 5th"]
[Site "Poti"]
[Date "2010.07.11"]
[Round "1"]
[White "Shengelia, Nikoloz"]
[Black "Javakhadze, Zurab"]
[Result "0-1"]
[WhiteElo "1929"]
[BlackElo "2354"]
[PlyCount "66"]
[EventDate "2010.07.11"]
[EventType "swiss"]
[EventRounds "9"]
[EventCountry "GEO"]
[SourceTitle "CBM 137 Extra"]
[Source "ChessBase"]
[SourceDate "2010.09.01"]
[SourceVersion "1"]
[SourceVersionDate "2010.09.01"]
[SourceQuality "1"]

1. e4 c5 2. Nf3 d6 3. d4 cxd4 4. Nxd4 Nf6 5. Nc3 g6 6. Be3 Bg7 7. f3 Nc6 8. Qd2 0-0 9. 0-0-0 d5 10. Kb1 e6 11. Bb5 Qc7 12. exd5 exd5 13. g4 Be6 14. h4 a6 15. Be2 b5 16. g5 Nh5 17. Nxc6 Qxc6 18. Nxd5 Rfe8 19. Nb4 Qc7 20. Rhg1 a5 21. Nd3 a4 22. Nc5 a3 23. b3 Bf5 24. Bxb5 Rad8 25. Bxe8 Rxd2 26. Rxd2 Qe5 27. Bxf7+ Kxf7 28. Bd4 Qxd4 29. Rxd4 Bxd4 30. Rd1 Bxc5 31. Rd5 Be7 32. Rb5 Nf4 33. Rb7 Nd5 0-1

[Event "Tbilisi Cup"]
[Site "Tbilisi"]
[Date "2010.05.23"]
[Round "9"]
[White "Shengelia, Nikoloz"]
[Black "Muzychuk, Anna"]
[Result "0-1"]
[WhiteElo "1886"]
[BlackElo "2529"]
[PlyCount "60"]
[EventDate "2010.05.15"]
[EventType "swiss"]
[EventRounds "9"]
[EventCountry "GEO"]
[SourceTitle "CBM 136 Extra"]
[Source "ChessBase"]
[SourceDate "2010.07.02"]
[SourceVersion "2"]
[SourceVersionDate "2010.07.15"]
[SourceQuality "1"]

1. e4 c5 2. Nf3 e6 3. d4 cxd4 4. Nxd4 a6 5. Bd3 Ne7 6. 0-0 Nbc6 7. Nxc6 Nxc6 8. c4 Bc5 9. Nc3 d6 10. Kh1 e5 11. Qe1 Be6 12. a3 Rc8 13. f4 exf4 14. Bxf4 Ne5 15. Bxe5 dxe5 16. Nd5 0-0 17. Rc1 a5 18. Rc2 Bd4 19. Qg3 Kh8 20. b4 axb4 21. axb4 Ra8 22. Be2 f5 23. exf5 Bxf5 24. Rcc1 b5 25. Qb3 bxc4 26. Bxc4 Qg5 27. Nc7 Rac8 28. Be6 Be4 29. Qh3 Rf2 30. Bg4 Rxc7 0-1

[Event "Tbilisi Cup"]
[Site "Tbilisi"]
[Date "2010.05.22"]
[Round "8"]
[White "Mgeladze, Tamaz"]
[Black "Shengelia, Nikoloz"]
[Result "0-1"]
[WhiteElo "2307"]
[BlackElo "1886"]
[PlyCount "74"]
[EventDate "2010.05.15"]
[EventType "swiss"]
[EventRounds "9"]
[EventCountry "GEO"]
[SourceTitle "CBM 136 Extra"]
[Source "ChessBase"]
[SourceDate "2010.07.02"]
[SourceVersion "2"]
[SourceVersionDate "2010.07.15"]
[SourceQuality "1"]

1. c4 c5 2. Nf3 Nc6 3. g3 g6 4. Bg2 Bg7 5. 0-0 e6 6. Nc3 Nge7 7. d3 0-0 8. Bd2 d5 9. a3 b6 10. Rb1 Bb7 11. b4 dxc4 12. dxc4 cxb4 13. axb4 Qd7 14. h4 Rfd8 15. Qc1 Nd4 16. Nxd4 Bxg2 17. Kxg2 Qxd4 18. Rd1 Qxc4 19. Be1 Rxd1 20. Nxd1 Qxe2 21. Qe3 Qxe3 22. Nxe3 Nd5 23. Bd2 Rc8 24. b5 Rc5 25. Nxd5 exd5 26. Rb4 d4 27. Bf4 d3 28. Ra4 Be5 29. Bh6 Rc7 30. Re4 f6 31. Be3 Rc2 32. Rb4 d2 33. Rb1 Bd4 34. Bf4 Bb2 35. Rd1 Bc1 36. Kf3 Kf7 37. Ke2 Ke6 0-1